00294nam a2200133Ia 4500003000400000005001700004008004100021020001800062040001000080100002100090245003200111260000800143260000900151OSt20240125111628.0170524s9999 xx 000 0 und d a9788174091536 ciimtu aRizvi- M. Ashraf 0aProfessional Communication bTMH c2008